Gespeichert in:
| Format: | Text |
|---|---|
| Schlagworte: | |
| Tags: |
Tag hinzufügen
Keine Tags, Fügen Sie den ersten Tag hinzu!
|
MARC
| LEADER | 00000 a a2200000 04500 | ||
|---|---|---|---|
| 001 | 34683 | ||
| 003 | |||
| 040 | |||
| 090 | |a 0003 G516r | ||
| 650 | |a AGRICULTURA | ||
| 650 | |a POLITICAS ECONOMICAS | ||
| 650 | |a PRODUCCION AGROPECUARIA | ||
| 650 | |a PRECIOS AGRICOLAS | ||
| 650 | |a COLOMBIA | ||
| 650 | |a PROTECCION PRODUCTOS EXPORTADOS | ||
| 650 | |a PRECIOS | ||
| 650 | |a CRECIMIENTO ECONOMICO | ||
| 999 | |c 15109 |d 15109 | ||
